[Event "Ì15Â"]
[Site "Loo"]
[Date "2017.04.24"]
[Round "5.11"]
[White "Ìèðçîÿí, Ëàâðåíòèé."]
[Black "Òðóá÷àíèíîâ, Àðòåì."]
[Result "0-1"]
[WhiteElo "1904"]
[BlackElo "1917"]
[PlyCount "94"]
[EventDate "2017.04.20"]

1. e4 e5 2. Nf3 Nc6 3. Bb5 a6 4. Ba4 Nf6 5. O-O Nxe4 6. d4 b5 7. Bb3 d5 8. Nxe5
Nxe5 9. dxe5 c6 10. c3 Be7 11. Be3 O-O 12. Nd2 Nxd2 13. Qxd2 Bf5 14. Bc2 Qd7
15. Rad1 f6 16. Bd4 fxe5 17. Bxe5 Rae8 18. Rfe1 h6 19. b3 Bg5 20. Bxf5 Rxf5 21.
Qd4 c5 22. Qxd5+ Qxd5 23. Rxd5 Bf4 24. g3 Rfxe5 25. Rexe5 Bxe5 26. Rxc5 Bf6 27.
Kf1 Kf7 28. a4 bxa4 29. bxa4 Re6 30. c4 Ke7 31. f4 Kd7 32. Rd5+ Kc6 33. Ra5 Kb6
34. Rd5 Re4 35. c5+ Ka5 36. Rd6 Rc4 37. c6 Kxa4 38. c7 Kb5 39. Rd5+ Kb6 40.
Rd6+ Kb7 41. Ke2 Rxc7 42. Kd2 a5 43. g4 a4 44. Rd3 Kb6 45. Ke3 Rc3 46. Rxc3
Bxc3 47. Kd3 Bf6 0-1

[Event "Ì15Â"]
[Site "Loo"]
[Date "2017.04.24"]
[Round "5.12"]
[White "Ðîëüãåéçåð, Ãåíðèõ."]
[Black "Ìóðòàçèí, Ðóñëàí."]
[Result "1-0"]
[WhiteElo "1989"]
[BlackElo "2344"]
[PlyCount "61"]
[EventDate "2017.04.20"]

1. e4 c5 2. Nf3 Nc6 3. d4 cxd4 4. Nxd4 Qb6 5. Nb3 Nf6 6. Bd3 e6 7. O-O Be7 8.
Nc3 a6 9. Be3 Qc7 10. f4 d6 11. Qf3 Bd7 12. a4 Nb4 13. a5 e5 14. Bb6 Qc6 15.
Kh1 O-O 16. Rae1 Qc8 17. fxe5 dxe5 18. Qg3 Qb8 19. Nc5 Bc8 20. Bc4 Nxc2 21. Rd1
Nd4 22. Rxf6 Bxf6 23. Nd5 Qd6 24. Rxd4 Bh4 25. Qxh4 exd4 26. Nd3 Be6 27. e5 Qd7
28. Nc5 Qe8 29. Ne7+ Kh8 30. Bd3 g6 31. Qf6# 1-0

[Event "Ì15Â"]
[Site "Loo"]
[Date "2017.04.24"]
[Round "5.13"]
[White "Öûáèêîâ, Òóìýí."]
[Black "Ùóêèí, Ìàêñèì."]
[Result "1-0"]
[WhiteElo "2152"]
[BlackElo "1990"]
[PlyCount "89"]
[EventDate "2017.04.20"]

1. e4 c6 2. d4 d5 3. e5 c5 4. dxc5 e6 5. Be3 Nd7 6. Nf3 Bxc5 7. Bxc5 Nxc5 8.
Qd4 Qc7 9. c4 Ne7 10. cxd5 Nxd5 11. Bc4 O-O 12. Bxd5 exd5 13. O-O b6 14. Nc3
Rd8 15. Rad1 Qd7 16. Rfe1 Bb7 17. Qh4 Qe8 18. Rd4 Ne4 19. Red1 Nxc3 20. bxc3 b5
21. Rg4 Rac8 22. Qg3 Qf8 23. Nd4 Rc4 24. h4 Bc8 25. Rf4 Qe8 26. Rf3 Be6 27. h5
h6 28. Rb1 a6 29. Re1 Rdc8 30. a3 Kh8 31. Ree3 a5 32. Qf4 b4 33. axb4 axb4 34.
cxb4 Rxb4 35. Rd3 Rcc4 36. Rg3 Qa4 37. Rxg7 Kxg7 38. Qf6+ Kh7 39. Nf5 Rc1+ 40.
Kh2 Bxf5 41. Qxf7+ Kh8 42. Qf6+ Kh7 43. Qxf5+ Kh8 44. Qf6+ Kh7 45. Qg6+ 1-0

[Event "Ì15Â"]
[Site "Loo"]
[Date "2017.04.24"]
[Round "5.14"]
[White "Êûòèí, Ìàêàð."]
[Black "Øóìèëîâ, Äåìüÿí."]
[Result "1-0"]
[WhiteElo "2120"]
[BlackElo "1984"]
[PlyCount "56"]
[EventDate "2017.04.20"]

1. e4 c6 2. d4 d5 3. f3 e6 4. Nc3 a6 5. Bf4 Nf6 6. Qd3 b5 7. O-O-O Qa5 8. Kb1
Nbd7 9. g4 Nb6 10. Bc7 Nfd7 11. exd5 cxd5 12. Nxd5 exd5 13. Qe3+ Be7 14. Bd6
O-O 15. Qxe7 Nc4 16. Bxc4 dxc4 17. Qe4 Rb8 18. Bxb8 Nxb8 19. Ne2 Bd7 20. d5 Re8
21. Qf4 Qb4 22. Rhe1 Qe7 23. Qd2 Qd6 24. Ng3 Rf8 25. Ne4 Qb6 26. Qd4 Qh6 27.
Rh1 Qf4 28. Rdf1 Re8 {äàëåå çàïèñü íåðàçáîð~~èâà} 1-0

[Event "Ì15Â"]
[Site "Loo"]
[Date "2017.04.24"]
[Round "5.15"]
[White "Öóõàåâ, Ìóñà."]
[Black "Øîáîåâ, Äàíäàð."]
[Result "1-0"]
[WhiteElo "1710"]
[BlackElo "2110"]
[PlyCount "87"]
[EventDate "2017.04.20"]

1. e4 c5 2. Nf3 e6 3. d4 cxd4 4. Nxd4 a6 5. Bd3 Qc7 6. Qe2 d6 7. c4 Nf6 8. O-O
Be7 9. Nc3 O-O 10. Kh1 Nbd7 11. f4 b6 12. a3 Bb7 13. b4 Rac8 14. Bd2 Rfe8 15.
Rac1 Qb8 16. Nf3 Bf8 17. Rfe1 e5 18. f5 Qa8 19. h3 Nh5 20. Kh2 Nf4 21. Bxf4
exf4 22. Nd5 b5 23. Qd2 bxc4 24. Bxc4 Qb8 25. Qxf4 Ne5 26. Nxe5 Rxe5 27. Bb3
Rxc1 28. Rxc1 Qe8 29. Qg3 Qd8 30. Re1 Be7 31. Rf1 Bf8 32. Qd3 h6 33. Nf6+ Qxf6
34. Bd5 Bc8 35. Rc1 Qd8 36. Qc4 Bd7 37. Bxf7+ Kh8 38. Bg6 Re7 39. Qxa6 Qb8 40.
Kh1 Rxe4 41. Qd3 Re5 42. Qc4 Re7 43. Qd5 Bc8 44. Qxd6 1-0

[Event "Ì15Â"]
[Site "Loo"]
[Date "2017.04.24"]
[Round "5.16"]
[White "Îñèïîâ, Äàíèèë."]
[Black "Ïîëÿíñêèé, Âëàäèñëàâ."]
[Result "1/2-1/2"]
[WhiteElo "2091"]
[BlackElo "1891"]
[PlyCount "76"]
[EventDate "2017.04.20"]

1. e4 e6 2. d4 d5 3. Nc3 Bb4 4. e5 c5 5. a3 Bxc3+ 6. bxc3 Ne7 7. Qg4 cxd4 8.
Qxg7 Rg8 9. Qxh7 Qc7 10. Ne2 dxc3 11. f4 Nbc6 12. Nxc3 a6 13. Qd3 Nf5 14. g4
Nxe5 15. fxe5 Qxe5+ 16. Ne2 Rxg4 17. Bh3 Re4 18. Bxf5 Rxe2+ 19. Qxe2 Qxa1 20.
Kd1 Bd7 21. h4 O-O-O 22. Bd3 e5 23. Qe3 e4 24. Qc5+ Kb8 25. Be2 Bc6 26. Bxa6 d4
27. Qe5+ Ka7 28. Bc4 Rg8 29. Qa5+ Kb8 30. Bd5 Bxd5 31. Qxd5 e3 32. Qxf7 Rg2 33.
Qf8+ Ka7 34. Qc5+ Kb8 35. Qe5+ Ka7 36. Qa5+ Kb8 37. Qd8+ Ka7 38. Qa5+ Kb8
1/2-1/2

[Event "Ì15Â"]
[Site "Loo"]
[Date "2017.04.24"]
[Round "5.17"]
[White "Äóäèí, Ãëåá."]
[Black "Æóðàâëåâ, Àëåêñàíäð."]
[Result "1-0"]
[WhiteElo "2031"]
[BlackElo "1745"]
[PlyCount "93"]
[EventDate "2017.04.20"]

1. Nf3 Nf6 2. g3 d5 3. Bg2 Bf5 4. c4 c6 5. d3 e6 6. O-O Bd6 7. b3 O-O 8. Bb2
Re8 9. Nbd2 e5 10. Re1 d4 11. a3 a5 12. Nf1 c5 13. e4 Bd7 14. Qd2 Nc6 15. a4
Qc7 16. Qe2 Bf8 17. N1d2 g6 18. Rf1 Bg7 19. Rae1 Rf8 20. Bc1 Rae8 21. Nb1 Ng4
22. Na3 f5 23. Nb5 Qd8 24. exf5 gxf5 25. Nh4 f4 26. Ba3 Nb4 27. Bxb4 axb4 28.
Bh3 e4 29. Bxg4 f3 30. Bxf3 exf3 31. Qd2 Bh3 32. Rxe8 Rxe8 33. Re1 Bh6 34. Qd1
Bg4 35. h3 Bxh3 36. Rxe8+ Qxe8 37. Qxf3 Qe1+ 38. Kh2 Be6 39. Nd6 b6 40. Ne4 Bg7
41. Qh5 Bf7 42. Qg5 Bg6 43. Nxg6 hxg6 44. Qxg6 Kh8 45. Qe8+ Kh7 46. Ng5+ Kh6
47. Qxe1 1-0

[Event "Ì15Â"]
[Site "Loo"]
[Date "2017.04.24"]
[Round "5.18"]
[White "Áåäåíêî, Íèêèòà."]
[Black "Çåìíèöêèé, Àëåêñàíäð."]
[Result "1-0"]
[WhiteElo "1966"]
[BlackElo "2010"]
[PlyCount "67"]
[EventDate "2017.04.20"]

1. e4 g6 2. d4 Bg7 3. Nf3 c6 4. Nc3 d5 5. h3 dxe4 6. Nxe4 Nf6 7. Nxf6+ Bxf6 8.
Bh6 Bf5 9. c3 Rg8 10. Qd2 Nd7 11. Bc4 Be4 12. Qe3 Bxf3 13. Qxf3 Nb6 14. Bb3 a5
15. a3 a4 16. Ba2 e6 17. Bf4 Ra5 18. O-O h5 19. g4 Nd5 20. Bg3 Rh8 21. Kg2 Kf8
22. c4 Nb6 23. Rad1 Kg7 24. Rd2 hxg4 25. hxg4 Qe7 26. Rfd1 Rd8 27. c5 Nc8 28.
Rh1 Rxd4 29. g5 Rxd2 30. gxf6+ Qxf6 31. Rh7+ Kxh7 32. Qxf6 Rxc5 33. Qxf7+ Kh8
34. Bxe6 1-0

[Event "Ì15Â"]
[Site "Loo"]
[Date "2017.04.24"]
[Round "5.19"]
[White "Æàêàìóõîâ, Ýäóàðä."]
[Black "Êàçüìèí, Ñåìåí."]
[Result "0-1"]
[WhiteElo "1919"]
[BlackElo "2167"]
[PlyCount "120"]
[EventDate "2017.04.20"]

1. e4 e5 2. Nf3 Nc6 3. Bb5 Nf6 4. Bxc6 dxc6 5. Nc3 Bd6 6. h3 O-O 7. O-O c5 8.
d3 Nd7 9. Bg5 f6 10. Bh4 Nb8 11. Nd2 Nc6 12. Bg3 Nd4 13. Ne2 Be6 14. Nxd4 cxd4
15. f4 c5 16. fxe5 Bxe5 17. Bxe5 fxe5 18. Rxf8+ Qxf8 19. Qh5 Re8 20. Qxe5 Bxh3
21. Qh5 Be6 22. Rf1 Bf7 23. Qg4 Qd6 24. b3 Qh6 25. Qd7 Qe3+ 26. Rf2 Rf8 27. Qe7
b6 28. Nf1 Qh6 29. Qxa7 Qd6 30. a4 Be8 31. Rxf8+ Kxf8 32. a5 bxa5 33. Qxa5 Kg8
34. Qd2 h6 35. Qf2 Bg6 36. Qg3 Qc6 37. Qe5 Bf7 38. Ng3 g6 39. Qe7 Qb6 40. Kh2
Qe6 41. Qxc5 Qf6 42. Qc8+ Kg7 43. Qg4 Qe5 44. Kg1 h5 45. Qf3 Be6 46. Qf2 Bg4
47. Nf1 Qc5 48. Qd2 Qa3 49. Nh2 Qa1+ 50. Kf2 Bd7 51. Nf3 Qb2 52. Ne5 Be6 53.
Qe2 Qb1 54. Nc6 Bg4 55. Qd2 Qb2 56. e5 Be6 57. Na5 Bd5 58. Kg3 Qb1 59. c4 dxc3
60. Qxc3 Qg1 {äàëåå çàïèñü íåðàçáîðî~~èâà} 0-1

[Event "Ì15Â"]
[Site "Loo"]
[Date "2017.04.24"]
[Round "5.20"]
[White "Æàðêîâ, Íèêîëàé."]
[Black "Èñìàãèëîâ, Äàìèð."]
[Result "1/2-1/2"]
[WhiteElo "1861"]
[BlackElo "2039"]
[PlyCount "100"]
[EventDate "2017.04.20"]

1. e4 c5 2. Nf3 Nc6 3. d4 cxd4 4. Nxd4 Nf6 5. Nc3 e6 6. Nxc6 bxc6 7. e5 Nd5 8.
Ne4 Qc7 9. f4 Qb6 10. c4 Ne3 11. Qd3 Bb4+ 12. Bd2 Ba6 13. b3 O-O 14. Rc1 Rad8
15. Bxb4 Qxb4+ 16. Qd2 Qxd2+ 17. Kxd2 Nf5 18. Be2 f6 19. Rhf1 fxe5 20. fxe5 Nh4
21. g3 Ng6 22. Nc5 Bc8 23. Nd3 Rf5 24. Rxf5 exf5 25. Bf3 d6 26. exd6 Rxd6 27.
Re1 Kf8 28. Kc3 Rf6 29. b4 Bd7 30. Rd1 Be8 31. Bh5 Ne7 32. Bxe8 Kxe8 33. a4 g5
34. Rf1 Rh6 35. Rf2 Re6 36. b5 h5 37. Nc5 Re3+ 38. Kb4 Re1 39. Nd3 Re3 40. Nc1
Re6 41. Ne2 Re4 42. Kc3 Re5 43. Kd4 Re4+ 44. Kc5 Re5+ 45. Kd4 Re6 46. Ng1 Re4+
47. Kc5 Re5+ 48. Kd4 Re4+ 49. Kc3 Re3+ 50. Kd4 Re4+ 1/2-1/2

[Event "Ì15Â"]
[Site "Loo"]
[Date "2017.04.24"]
[Round "5.21"]
[White "Êóëàåâ, Ìàêñèì."]
[Black "Ãàéäûì, Àðñåíèé."]
[Result "1-0"]
[WhiteElo "1849"]
[BlackElo "2017"]
[PlyCount "95"]
[EventDate "2017.04.20"]

1. d4 d5 2. Nf3 Nf6 3. c4 c6 4. g3 a6 5. Bg2 Bf5 6. O-O h6 7. a4 e6 8. Qb3 Ra7
9. Bf4 Nbd7 10. Nc3 Be7 11. Nd2 O-O 12. a5 g5 13. Be3 Ng4 14. Nd1 Bg6 15. h3
Nxe3 16. Nxe3 Nf6 17. Rfd1 Bd6 18. Nf3 Ne4 19. Ng4 f5 20. Nge5 Bh7 21. Qb6 Qxb6
22. axb6 Raa8 23. c5 Bxe5 24. Nxe5 f4 25. Bxe4 Bxe4 26. f3 Bh7 27. g4 Kg7 28.
Kf2 Bg6 29. Rh1 Rh8 30. h4 Rad8 31. Rh2 Rdf8 32. Rah1 Be8 33. Ke1 Rfg8 34. Kd2
Rf8 35. b4 Rfg8 36. e3 fxe3+ 37. Kxe3 Rf8 38. hxg5 hxg5 39. Rxh8 Rxh8 40. Rxh8
Kxh8 41. f4 gxf4+ 42. Kxf4 Kh7 43. Nf3 Bg6 44. Ng5+ Kg7 45. Nxe6+ Kf6 46. Nd8
Ke7 47. Nxb7 Kd7 48. Nd6 1-0

[Event "Ì15Â"]
[Site "Loo"]
[Date "2017.04.24"]
[Round "5.22"]
[White "Âîëêîâ, Àíäðåé."]
[Black "×åæèí, Ïàâåë."]
[Result "1/2-1/2"]
[WhiteElo "2005"]
[BlackElo "1688"]
[PlyCount "90"]
[EventDate "2017.04.20"]

1. e4 e5 2. Nf3 Nc6 3. Bb5 Bc5 4. c3 Nf6 5. O-O O-O 6. d4 Bb6 7. Bg5 exd4 8.
Bxc6 dxc6 9. e5 h6 10. Bh4 g5 11. Nxg5 dxc3 12. Qxd8 Rxd8 13. Nxc3 Nd5 14. Nge4
Nxc3 15. Nf6+ Kh8 16. bxc3 Bf5 17. Rfd1 Ba5 18. Rac1 Bxc3 19. g4 Rxd1+ 20. Rxd1
Be6 21. f4 c5 22. Bf2 Bd4 23. Bxd4 Rd8 24. f5 Bxa2 25. Ra1 cxd4 26. Rxa2 d3 27.
Rd2 Kg7 28. Kf2 c5 29. Ke3 c4 30. Ne4 Rd5 31. Kf4 Rd4 32. Ke3 Rd8 33. f6+ Kg6
34. Nd6 b5 35. Ra2 Rd7 36. Kd4 Kg5 37. h3 Kf4 38. Kc3 Kxe5 39. Nxb5 d2 40. Rxd2
Rxd2 41. Kxd2 Kxf6 42. Nxa7 Kg5 43. Nc6 Kh4 44. Ne5 Kxh3 45. Nxf7 Kxg4 1/2-1/2

[Event "Ì15Â"]
[Site "Loo"]
[Date "2017.04.24"]
[Round "5.23"]
[White "Ãàëèåâ, Èðåê."]
[Black "Õàëèêîâ, Áóëàò."]
[Result "1/2-1/2"]
[WhiteElo "1866"]
[BlackElo "1895"]
[PlyCount "65"]
[EventDate "2017.04.20"]

1. Nf3 Nf6 2. c4 e6 3. g3 d5 4. Bg2 Be7 5. O-O O-O 6. d4 c6 7. Qc2 b6 8. Nbd2
Bb7 9. e4 c5 10. e5 Ne4 11. cxd5 Nxd2 12. Bxd2 Qxd5 13. Rfd1 cxd4 14. Bc3 Nc6
15. Bxd4 Nb4 16. Qb1 Qe4 17. a3 Qxb1 18. Raxb1 Nd5 19. Rbc1 Rac8 20. Ne1 Rxc1
21. Rxc1 Rc8 22. Rxc8+ Bxc8 23. Bxd5 exd5 24. Nc2 Bc5 25. f4 Bf5 26. b4 Bxd4+
27. Nxd4 Bd7 28. Kf2 Kf8 29. Ke3 Ke7 30. Ne2 Ke6 31. Nd4+ Ke7 32. Nc2 Ba4 33.
Nd4 1/2-1/2

[Event "Ì15Â"]
[Site "Loo"]
[Date "2017.04.24"]
[Round "5.24"]
[White "Áðåñêàíó, Íèêèòà."]
[Black "Òåð-Ñààêÿí, Ãðèãîðèé."]
[Result "1-0"]
[WhiteElo "2044"]
[BlackElo "1851"]
[PlyCount "97"]
[EventDate "2017.04.20"]

1. d4 Nf6 2. c4 c5 3. d5 b5 4. cxb5 a6 5. bxa6 g6 6. Nc3 Bg7 7. e4 O-O 8. Nf3
Qa5 9. Bd2 Bxa6 10. Be2 Bxe2 11. Qxe2 Qa6 12. Qxa6 Nxa6 13. Ke2 Rfb8 14. Rhb1
Nb4 15. Ne1 Ng4 16. a3 Na6 17. h3 Ne5 18. b3 d6 19. Kd1 Nd7 20. Nc2 Nc7 21. Ra2
Nb6 22. Ne3 f5 23. f3 Bxc3 24. Bxc3 Nb5 25. Bb2 f4 26. Nc2 c4 27. Bd4 Nd7 28.
Kd2 Nxd4 29. Nxd4 Nc5 30. b4 Na4 31. Ne2 g5 32. Nc3 Nb6 33. a4 Nd7 34. a5 Kf8
35. Raa1 Ke8 36. Ne2 Ne5 37. Kc3 Kd7 38. Nd4 h6 39. b5 Kc7 40. Nc6 Nxc6 41.
dxc6 e6 42. Kxc4 h5 43. e5 h4 44. exd6+ Kxd6 45. Rd1+ Kc7 46. Rd7+ Kc8 47. Kc5
e5 48. Rad1 Rxa5 49. Rd8+ 1-0

[Event "Ì15Â"]
[Site "Loo"]
[Date "2017.04.24"]
[Round "5.25"]
[White "Ðîìàäîâ, Äìèòðèé."]
[Black "Êàìàåâ, Äæàáðàèë."]
[Result "1-0"]
[WhiteElo "1774"]
[BlackElo "1949"]
[PlyCount "97"]
[EventDate "2017.04.20"]

1. e4 e5 2. Nf3 Nc6 3. Bc4 Bc5 4. O-O Nf6 5. d3 d6 6. c3 Bg4 7. a4 a6 8. h3 Bh5
9. Re1 O-O 10. Nbd2 Re8 11. Nf1 d5 12. exd5 Nxd5 13. Ng3 Bg6 14. a5 Qd7 15. Nh4
Rad8 16. Nxg6 hxg6 17. Ne4 Bf8 18. Qb3 Kh8 19. Qxb7 Rb8 20. Qxa6 Ndb4 21. cxb4
Nxb4 22. Qa7 Ra8 23. Qe3 Nc2 24. Qg3 Nxa1 25. Bxf7 Qxf7 26. Qh4+ Kg8 27. Ng5
Bb4 28. Nxf7 Bxe1 29. Qc4 Bxf2+ 30. Kxf2 Rf8 31. Kg3 Rxf7 32. b4 c5 33. Qa2
cxb4 34. Qxa1 Rfa7 35. Qxe5 Rxa5 36. Qe6+ Kh7 37. d4 Rd8 38. Qb6 Rad5 39. Be3
b3 40. Qxb3 Rxd4 41. Bxd4 Rxd4 42. Qe3 Rd6 43. h4 Rf6 44. Qe4 Rf5 45. Kh3 Ra5
46. g4 Ra3+ 47. Kg2 Ra5 48. g5 Rf5 49. Kg3 1-0

[Event "Ì15Â"]
[Site "Loo"]
[Date "2017.04.24"]
[Round "5.26"]
[White "Êîðåíü, Âëàäèìèð."]
[Black "Ðàäî÷èí, Îëåã."]
[Result "0-1"]
[WhiteElo "1947"]
[BlackElo "1825"]
[PlyCount "88"]
[EventDate "2017.04.20"]

1. e4 c5 2. Nf3 Nc6 3. d4 cxd4 4. Nxd4 g6 5. Nc3 Bg7 6. Be3 Nf6 7. Bc4 O-O 8.
Bb3 d5 9. Bxd5 Ng4 10. Nce2 Nxe3 11. fxe3 Qb6 12. O-O Bg4 13. c3 Nxd4 14. cxd4
e5 15. Kh1 exd4 16. exd4 Qxb2 17. Re1 Bxe2 18. Rxe2 Qxd4 19. Qxd4 Bxd4 20. Rd1
Bb6 21. Bxb7 Rab8 22. Bd5 Kg7 23. g4 Rfe8 24. Kg2 Re5 25. Ree1 f5 26. gxf5 gxf5
27. Kf3 fxe4+ 28. Bxe4 Rf8+ 29. Kg4 h5+ 30. Kh3 Rfe8 31. Rg1+ Bxg1 32. Rxg1+
Kf6 33. Rf1+ Kg5 34. Bf3 Re3 35. Kg2 Rf8 36. Rf2 Ra3 37. Kg3 h4+ 38. Kg2 h3+
39. Kg3 Rf4 40. Rf1 a6 41. Rf2 Rg4+ 42. Kxh3 Kf4 43. Rf1 Rxf3+ 44. Rxf3+ Kxf3
0-1

[Event "Ì15Â"]
[Site "Loo"]
[Date "2017.04.24"]
[Round "5.27"]
[White "Ãàâðèëîâ, Âèêòîð."]
[Black "Ôîìèí, Ïàâåë."]
[Result "0-1"]
[WhiteElo "1760"]
[BlackElo "1892"]
[PlyCount "73"]
[EventDate "2017.04.20"]

1. d4 c5 2. e3 Nf6 3. Nf3 g6 4. c4 Bg7 5. Nc3 O-O 6. Bd3 cxd4 7. exd4 d5 8. O-O
Nc6 9. a3 Bg4 10. Be3 e5 11. Be2 exd4 12. Nxd4 Bxe2 13. Ncxe2 Ne5 14. c5 Qd7
15. b4 Ne4 16. f3 Nc4 17. Qc1 Nf6 18. Bh6 Rfe8 19. Bxg7 Kxg7 20. Re1 Re3 21.
Nc2 Rd3 22. Ned4 h6 23. b5 Qc7 24. c6 bxc6 25. bxc6 Qb6 26. Kh1 Rxd4 27. Nxd4
Qxd4 28. Rb1 Rc8 29. Rd1 Qc5 30. a4 Qxc6 31. Qf4 g5 32. Qg3 Qxa4 33. Ra1 Qd7
34. h4 Qc7 35. Qf2 a5 36. Qd4 Qc5 37. g4 {äàëåå çàïèñü íåðàçáîð~~èâà} 0-1

[Event "Ì15Â"]
[Site "Loo"]
[Date "2017.04.24"]
[Round "5.28"]
[White "Ñò¸ïî÷êèí, Ô¸äîð."]
[Black "Êðþêîâ, Àëåêñåé."]
[Result "1-0"]
[WhiteElo "1793"]
[BlackElo "1799"]
[PlyCount "103"]
[EventDate "2017.04.20"]

1. e4 c5 2. Nf3 d6 3. d4 cxd4 4. Nxd4 Nf6 5. Nc3 e5 6. Nb3 a6 7. Be3 Be7 8. Qd2
Ng4 9. Nd5 Nxe3 10. Qxe3 Be6 11. Nxe7 Qxe7 12. O-O-O O-O 13. h4 Nc6 14. Be2 a5
15. Kb1 Qc7 16. c3 Rac8 17. h5 a4 18. Nd2 a3 19. b3 f5 20. Bc4 Bxc4 21. Nxc4 f4
22. Qb6 Qxb6 23. Nxb6 Rcd8 24. Nc4 Rf6 25. Nxa3 Kf7 26. Rd5 Ne7 27. Rb5 Rd7 28.
Nc4 Ke6 29. Na5 d5 30. Nxb7 Rc7 31. Nc5+ Kd6 32. b4 Rh6 33. Rb6+ Rc6 34. Rxc6+
Kxc6 35. Kc2 g6 36. a4 Rxh5 37. Rxh5 gxh5 38. a5 h4 39. f3 dxe4 40. Nxe4 Nd5
41. Kd3 Ne3 42. c4 Nxg2 43. b5+ Kc7 44. b6+ Kb7 45. Nc5+ Kb8 46. b7 h3 47. a6
Ne1+ 48. Ke2 h2 49. Nd7+ Kc7 50. b8=Q+ Kxd7 51. Qb7+ Ke6 52. Qxh7 1-0

[Event "Ì15Â"]
[Site "Loo"]
[Date "2017.04.24"]
[Round "5.29"]
[White "Áàáóíîâ, Àëåêñàíäð."]
[Black "Øèðèíêèí, Ïàâåë."]
[Result "1/2-1/2"]
[WhiteElo "1865"]
[BlackElo "1751"]
[PlyCount "74"]
[EventDate "2017.04.20"]

1. d4 d5 2. c4 e6 3. Nc3 c6 4. e3 Nf6 5. Nf3 Bd6 6. b3 Nbd7 7. Bd3 O-O 8. O-O
a6 9. a4 b6 10. Ba3 Bxa3 11. Rxa3 Bb7 12. Ra2 c5 13. Qe2 Ne4 14. Rd1 f5 15. Nd2
cxd4 16. exd4 Qf6 17. Nf3 Rac8 18. Rc2 Ra8 19. Na2 g5 20. cxd5 Bxd5 21. Rc7
Rad8 22. Ne5 Nec5 23. Bc4 Nxe5 24. dxe5 Qg6 25. Bxd5 Rxd5 26. Nb4 Rd7 27. Rxc5
bxc5 28. Rxd7 cxb4 29. Qxa6 f4 30. Qd3 Qxd3 31. Rxd3 Rc8 32. Rd1 Rc3 33. Rb1
Rc5 34. Re1 Rc3 35. Rb1 Rc5 36. Re1 Rc3 37. Rb1 Rc5 1/2-1/2

[Event "Ä19"]
[Site "Loo"]
[Date "2017.04.24"]
[Round "5.1"]
[White "Àðóòþíîâà, Àñÿ."]
[Black "Ïîòàïîâà, Ìàðãàðèòà."]
[Result "0-1"]
[WhiteElo "2125"]
[BlackElo "2096"]
[PlyCount "76"]
[EventDate "2017.04.20"]

1. Nf3 Nf6 2. g3 b6 3. Bg2 Bb7 4. c4 c5 5. O-O g6 6. Nc3 Bg7 7. Re1 d5 8. cxd5
Nxd5 9. Qb3 O-O 10. Ng5 e6 11. Nf3 Nc6 12. d3 Nde7 13. Bg5 h6 14. Bxe7 Qxe7 15.
Rad1 Rac8 16. e3 Rfd8 17. Qc2 Rd7 18. Qb1 Rcd8 19. Rd2 Na5 20. e4 Ba6 21. Red1
Nc6 22. Ne2 Rd6 23. Bf1 h5 24. Ne1 Ne5 25. Nc3 Nc6 26. Ne2 c4 27. Nc3 Nb4 28.
a3 Nc6 29. Qc1 Qd7 30. e5 Nxe5 31. Ne4 Rd4 32. dxc4 Nc6 33. b4 Rxd2 34. Rxd2
Nd4 35. c5 Bxf1 36. Kxf1 Qb5+ 37. Kg2 f5 38. Nd6 Qc6+ {
äàëåå çàïèñü íåðàçáîð~~èâà} 0-1

[Event "Ä19"]
[Site "Loo"]
[Date "2017.04.24"]
[Round "5.2"]
[White "Ïðîòîïîïîâà, Àíàñòàñèÿ."]
[Black "Ìàðòûíþê, Åëèçàâåòà."]
[Result "0-1"]
[WhiteElo "2266"]
[BlackElo "2165"]
[PlyCount "64"]
[EventDate "2017.04.20"]

1. d4 d5 2. Nf3 Nf6 3. c4 c6 4. g3 dxc4 5. Bg2 b5 6. Ne5 e6 7. Nxc6 Qb6 8. Nxb8
Rxb8 9. O-O Bb7 10. b3 Bxg2 11. Kxg2 c3 12. Na3 Bxa3 13. Bxa3 b4 14. Bc1 Rd8
15. e3 O-O 16. Qc2 Qb7+ 17. f3 Rfe8 18. Rd1 Qb6 19. Rd3 e5 20. dxe5 Nd7 21. Rd6
Qc7 22. f4 f6 23. Rd4 Nc5 24. Qe2 fxe5 25. Rxb4 Nd3 26. Rc4 Qb7+ 27. Kg1 exf4
28. e4 Qb6+ 29. Kh1 f3 30. Qxf3 Ne5 31. Qxc3 Rd1+ 32. Kg2 Rg1+ 0-1

[Event "Ä19"]
[Site "Loo"]
[Date "2017.04.24"]
[Round "5.3"]
[White "Ãîðîâåíêî, Äàðüÿ."]
[Black "Ëûñåíêî, Ìàðãàðèòà."]
[Result "0-1"]
[WhiteElo "2122"]
[BlackElo "2193"]
[PlyCount "54"]
[EventDate "2017.04.20"]

1. e4 g6 2. d4 Bg7 3. Nf3 d6 4. Nc3 Nf6 5. e5 dxe5 6. dxe5 Qxd1+ 7. Nxd1 Ng4 8.
Bf4 Nc6 9. Bb5 Bd7 10. e6 fxe6 11. Bxc7 Nb4 12. Bd3 Rc8 13. Ba5 Nxc2+ 14. Bxc2
Rxc2 15. O-O O-O 16. h3 Nh6 17. Re1 Bc6 18. Ne5 Bxe5 19. Rxe5 Bd5 20. Bc3 Nf5
21. Re1 Nh4 22. Ne3 Rcxf2 23. Nxd5 Rxg2+ 24. Kh1 Rff2 25. Nxe7+ Kf7 26. Be5 Nf3
27. Rf1 Rh2+ 0-1

[Event "Ä19"]
[Site "Loo"]
[Date "2017.04.24"]
[Round "5.4"]
[White "Òèøîâà, Ñâåòëàíà."]
[Black "Áîðèñîâà, Åêàòåðèíà."]
[Result "0-1"]
[WhiteElo "2177"]
[BlackElo "2078"]
[PlyCount "102"]
[EventDate "2017.04.20"]

1. e4 c5 2. Nf3 Nc6 3. d4 cxd4 4. Nxd4 Nf6 5. Nc3 d6 6. Bg5 Qa5 7. Bb5 Bd7 8.
Nb3 Qd8 9. Qd2 h6 10. Bxf6 gxf6 11. f4 a6 12. Bxc6 Bxc6 13. Nd4 Bd7 14. O-O-O
h5 15. Nf5 Qa5 16. Qd3 O-O-O 17. Qc4+ Qc5 18. Qe2 e6 19. Nd4 Kb8 20. Kb1 Qb6
21. f5 d5 22. Nb3 Bc6 23. exd5 exd5 24. Rd4 Bb4 25. Qf3 Bxc3 26. Qxc3 Rhe8 27.
Rb4 Qc7 28. Nc5 Kc8 29. Qxf6 Bb5 30. Qc3 b6 31. Na4 Kb7 32. Qxc7+ Kxc7 33. Rd4
Bxa4 34. Rxa4 Re5 35. Rf4 Re2 36. b3 Rxg2 37. Re1 Kd6 38. Rh4 Rg5 39. Rf4 Rdg8
40. Kb2 Rg2 41. Rh4 R8g5 42. f6 Rf5 43. Re3 Rgg5 44. Re7 Rxf6 45. Rb7 Kc6 46.
Ra7 a5 47. Ra8 Rf2 48. Rh8 Rgg2 49. R4xh5 Rxc2+ 50. Kb1 Rb2+ 51. Kc1 Rbf2 0-1

[Event "Ä19"]
[Site "Loo"]
[Date "2017.04.24"]
[Round "5.5"]
[White "Äðîãîâîç, Èðèíà."]
[Black "Øàêèðîâà, Ðåíàòà."]
[Result "1-0"]
[WhiteElo "2286"]
[BlackElo "2064"]
[PlyCount "73"]
[EventDate "2017.04.20"]

1. d4 Nf6 2. c4 e6 3. g3 Bb4+ 4. Bd2 Qe7 5. Bg2 O-O 6. Nf3 Ne4 7. O-O d5 8. Bf4
Bd6 9. Be3 b6 10. Qb3 c6 11. Nfd2 f5 12. Nc3 Kh8 13. Ndxe4 fxe4 14. Qc2 Ba6 15.
Rfe1 Nd7 16. b3 Qf7 17. f3 exf3 18. exf3 Qh5 19. Ne2 Rac8 20. Nf4 Qf7 21. Bh3
Rfe8 22. Bg4 Nf6 23. Bh3 Rc7 24. Nd3 Qh5 25. Kg2 c5 26. Bf4 Bxf4 27. Nxf4 Qh6
28. cxd5 exd5 29. Nxd5 Rf7 30. Nxf6 Rxe1 31. Rxe1 Qxf6 32. Qf5 Qxf5 33. Bxf5 g6
34. Re8+ Kg7 35. Be6 Rc7 36. d5 Bb5 37. d6 1-0

[Event "Ä19"]
[Site "Loo"]
[Date "2017.04.24"]
[Round "5.6"]
[White "Êîð÷àãèíà, Àëåíà."]
[Black "Ìàðòûíîâà, Àíàñòàñèÿ."]
[Result "1/2-1/2"]
[WhiteElo "2119"]
[BlackElo "1987"]
[PlyCount "76"]
[EventDate "2017.04.20"]

1. Nf3 d6 2. d4 Nf6 3. c4 g6 4. Nc3 Bf5 5. g3 Bg7 6. Bg2 Ne4 7. Nh4 Nxc3 8.
bxc3 Bc8 9. e4 O-O 10. O-O c5 11. Be3 Nc6 12. dxc5 dxc5 13. Bxc5 Bxc3 14. Rc1
Bg7 15. Qa4 Qc7 16. Nf3 Bg4 17. Qa3 Rfd8 18. Be3 a6 19. c5 Bxf3 20. Bxf3 Nd4
21. Bxd4 Bxd4 22. Rc2 e5 23. Rb1 Rac8 24. Bg4 Ra8 25. Qb4 h5 26. Bh3 b5 27. c6
Rd6 28. Rbc1 Kg7 29. a4 Rb8 30. axb5 axb5 31. Bf1 Rf6 32. Kg2 h4 33. h3 hxg3
34. fxg3 Be3 35. Re1 Bb6 36. Rec1 Be3 37. Re1 Bb6 38. Rec1 Be3 1/2-1/2

[Event "Ä19"]
[Site "Loo"]
[Date "2017.04.24"]
[Round "5.7"]
[White "Òóêàåâà, Àäåëÿ."]
[Black "Êîøåïàðîâà, Òàòüÿíà."]
[Result "1-0"]
[WhiteElo "1970"]
[BlackElo "2074"]
[PlyCount "79"]
[EventDate "2017.04.20"]

1. e4 c5 2. Nf3 d6 3. Bb5+ Nd7 4. O-O a6 5. Bd3 Ngf6 6. Re1 b5 7. c4 b4 8. Bc2
e5 9. a3 bxa3 10. Rxa3 g6 11. d3 Bg7 12. Bd2 O-O 13. Ba5 Qe7 14. b4 Rb8 15.
bxc5 dxc5 16. Nc3 Qd6 17. Nd2 Ne8 18. Nf1 f5 19. exf5 gxf5 20. Ne3 Kh8 21. Qh5
Ndf6 22. Qg5 Qe6 23. f4 Rb2 24. Na4 Rxc2 25. Nxc2 Ng4 26. fxe5 Bh6 27. Qh4 Rg8
28. h3 Bg5 29. Qg3 Nh6 30. Qf3 Qe7 31. Nc3 Bh4 32. Nd5 Qe6 33. Rb1 Qf7 34. e6
Bxe6 35. Bc3+ Nf6 36. Rxa6 Bxd5 37. cxd5 Rg6 38. d6 Nhg8 39. Rb7 Qe6 40. Raa7
1-0

[Event "Ä19"]
[Site "Loo"]
[Date "2017.04.24"]
[Round "5.8"]
[White "Ñàòàåâà, Ëàíà."]
[Black "Èëüèíà, Íàòàëüÿ."]
[Result "0-1"]
[WhiteElo "1802"]
[BlackElo "2072"]
[PlyCount "62"]
[EventDate "2017.04.20"]

1. e4 c5 2. Nf3 Nc6 3. d4 cxd4 4. Nxd4 g6 5. Be3 Bg7 6. c3 Nf6 7. Nd2 O-O 8.
Be2 Re8 9. O-O e5 10. Nc2 d5 11. exd5 Nxd5 12. Bc5 Nf4 13. Bf3 Nd3 14. Ba3 f5
15. Nc4 e4 16. Be2 Nf4 17. Nd6 Qg5 18. Ne3 Be6 19. Nxe8 Rxe8 20. Kh1 Rd8 21.
Qc2 Nxe2 22. Qxe2 f4 23. Rad1 Re8 24. f3 fxe3 25. Rde1 exf3 26. Qxf3 Bd5 27.
Qe2 Ne5 28. Rg1 Ng4 29. h3 Nf2+ 30. Kh2 Be5+ 31. g3 Qf5 0-1